Труды Института географии. Вып. 17: Геоморфологические очерки СССР (Запись № 7266110)

Подробности
000 -МАРКЕР
контрольное поле 01514nam2a2200277 4500
001 - ИДЕНТИФИКАТОР ЗАПИСИ
контрольное поле rc\3020667
005 - ИДЕНТИФИКАТОР ВЕРСИИ
контрольное поле 20250530014412.0
035 ## - ДРУГИЕ СИСТЕМНЫЕ НОМЕРА
Идентификатор записи (NLR Aleph) 007162762
100 ## - ДАННЫЕ ОБЩЕЙ ОБРАБОТКИ
Данные общей обработки 20110927d1935 |||y0rusy50 ca
101 0# - ЯЗЫК РЕСУРСА
Язык текста, звукозаписи и т.д. русский
Язык резюме английский
102 ## - СТРАНА ПУБЛИКАЦИИ ИЛИ ПРОИЗВОДСТВА
Страна публикации Российская Федерация
105 ## - ПОЛЕ КОДИРОВАННЫХ ДАННЫХ: ТЕКСТОВЫЕ МАТЕРИАЛЫ, МОНОГРАФИЧЕСКИЕ
Кодированные данные о монографическом текстовом документе a z 000cy
200 1# - ЗАГЛАВИЕ И СВЕДЕНИЯ ОБ ОТВЕТСТВЕННОСТИ
Основное заглавие Геоморфологические очерки СССР
Обозначение и номер части № 1
Наименование части [Геоморфологический очерк Памира
Первые сведения об ответственности К. К. Марков]
210 ## - ПУБЛИКАЦИЯ, РАСПРОСТРАНЕНИЕ И ДР.
Дата издания, распространения и т.д. 1935
Место издания, распространения и т.д. Б. м.
215 ## - ФИЗИЧЕСКАЯ ХАРАКТЕРИСТИКА
Специфическое обозначение материала и объем 65, [1] с.
Другие сведения о физической характеристике ил.
300 ## - ОБЩИЕ ПРИМЕЧАНИЯ
Текст примечания Частное загл. и авт. указаны на с. 5
320 ## - ПРИМЕЧАНИЯ О НАЛИЧИИ В ДОКУМЕНТЕ БИБЛИОГРАФИИ / УКАЗАТЕЛЯ
Текст примечания Библиогр.: с. 62-64 (70 назв.)
461 #0 - УРОВЕНЬ НАБОРА
Встроенное поле 001rc\2832388
-- 2001#$aТруды Института географии$fАкадемия наук Союза советских социалистических республик$vВып. 17
Системный номер (АБИС) связанной записи 5620192
Автор Институт географии (Москва)
Место публикации Москва
Дата публикации 1931-1946
Первые сведения об ответственности Академия наук Союза советских социалистических республик
Имя издателя, распространителя и т.д. Изд-во Академии наук СССР
Заглавие Труды Института географии
Номер тома Вып. 17
701 #1 - ИМЯ ЛИЦА - АЛЬТЕРНАТИВНАЯ ОТВЕТСТВЕННОСТЬ
Графика поля Кириллица
Материалы, к которым относится поле rus
Начальный элемент ввода Марков
Часть имени, кроме начального элемента ввода К. К.
Дополнения к именам, кроме дат д-р геогр. наук
Даты 1905-1980
Расширение инициалов личного имени Константин Константинович
Системный номер авторитетной/нормативной записи 257245
Идентификатор авторитетной/нормативной записи RU\NLR\AUTH\770257301
801 #0 - ИСТОЧНИК ЗАПИСИ
Страна Российская Федерация
Организация NLR
Правила каталогизации psbo
801 #1 - ИСТОЧНИК ЗАПИСИ
Страна Российская Федерация
Организация ELAR
Источник данных rusmarc
852 ## - МЕСТОНАХОЖДЕНИЕ И ШИФР ХРАНЕНИЯ
Идентификатор организации NLR
Шифр хранения (Call Number) 32-19/309(17)
942 ## - ДОПОЛНИТЕЛЬНЫЕ ЭЛЕМЕНТЫ ЗАПИСИ (АБИС)
Тип экземпляра АБИС Книга
980 ## - КОЛЛЕКЦИЯ
Название коллекции Национальная библиография
Экземпляры
Тип экземпляра Дата поступления Библиотека постоянного хранения Библиотека текущего хранения Место хранения Шифр хранения Штрих-код Статус экземпляра
Книга 26.10.2013 РНБ (Садовая) РНБ (Садовая) Русский книжный фонд -Главное здание, Ленинский читальный зал 32-19/309(17) 7162762-10